| 000 | 00322nam a2200085Ia 4500 | ||
|---|---|---|---|
| 245 | 0 | _aScholars in the marketplace : the dilemmas of neo-liberal reform at Makerere University, 1989 - 2005 | |
| 100 |
_a Mamdani, Mahmood, Cape Town, South Africa, 2009 _931917 |
||
| 942 | _cBK | ||
| 008 | 210817s9999 xx 000 0 und d | ||
| 999 |
_c117846 _d117845 |
||